01530naa a22003257a 4500001001000000003000900010005001700019007000300036008003400039040005400073041000900127072001500136090001800151100001700169100002400186245010700210246011000317246010500427500019700532773015500729650001000884650001400894650001500908650002200923490006500945942001501010909004001025999001901065952012001084BR8401353BR-BrBNA20250721154433.0ta250630b bl.|||m| |||| 00| 0 por d aBR-BrBNAbporcBiblioteca Nacional de Agricultura a(Pt) aM30b/G514 aM30 BR84013531 aLerner, E.P.1 aWidholzer, R.M.B.F.1 aEstudo morfometrico do acude da chacara Nossa Senhora das Gracas - Viamao - Rio Grande do Sul [Brasil]1 a[Morphometric study on the sluice of Nossa Senhora das Gracas farm - Viamao - Rio Grande do Sul [Brazil]]1 a[Communications from the Science Museum of the Pontificial Catholic University of Rio Grande do Sul] aComunicacoes do Museu de Ciencias da Pontificia Universidade Catolica do Rio Grande do Sul Porto Alegre, RS (Brasil): 1983. p. 123-147 [13 illus.; Summaries (En, Pt); 15 ref.] (BR8401353-AMS) 0 tComunicacoes do Museu de Ciencias da Pontificia Universidade Catolica do Rio Grande do SulwM30 BR8401353gPorto Alegre, RS (Brasil), 1983. p. 123-147 aACUDE aAGUA DOCE aLIMNOLOGIA aRIO GRANDE DO SUL aComunicacoes do Museu de Ciencias da PUCRGS (Brazil)vno. 14 cAMS2AGRIS a202506bLúciac55dLúcia Elande c334755d334755 002AGRIS40708AGROBASEa41918b41918l0r2025-06-30t01yAMS10d2025-06-30ePortaria Interministerial nº 164/94